[Event "Rated Blitz game"]
[Site "?"]
[Date "2021.10.29"]
[Round "?"]
[White "siddy2006"]
[Black "DOOGE228"]
[Result "1/2-1/2"]
[WhiteElo "2603"]
[BlackElo "2471"]
[PlyCount "34"]
[EventDate "2021.??.??"]
[EventType "blitz"]

1. e4 e5 2. Nf3 d5 3. Nxe5 Bd6 4. d4 dxe4 5. Nc4 Nf6 6. Bg5 O-O 7. Be2 Nc6 8.
c3 Be7 9. O-O Nd5 10. Bxe7 Ncxe7 11. Ne3 Nxe3 12. fxe3 Nd5 13. Qd2 Qg5 14. Kf2
Qh4+ 15. Kg1 Qg5 16. Kf2 Qh4+ 17. Kg1 Qg5 {Normal} 1/2-1/2

[Event "Rated Blitz game"]
[Site "?"]
[Date "2021.10.29"]
[Round "?"]
[White "ygtkrc10"]
[Black "Annali-annaliew1979"]
[Result "0-1"]
[WhiteElo "2400"]
[BlackElo "2463"]
[PlyCount "144"]
[EventDate "2021.??.??"]
[EventType "blitz"]

1. e4 e5 2. Nf3 d5 3. exd5 e4 4. Qe2 f5 5. d3 Nf6 6. dxe4 fxe4 7. Nfd2 Be7 8.
Nc3 O-O 9. Ndxe4 Nxe4 10. Qxe4 Bf5 11. Qc4 Bd6 12. Be3 Nd7 13. O-O-O a6 14. Bd3
b5 15. Qb3 Bxd3 16. Rxd3 Qe8 17. Ne2 Qg6 18. g3 Rae8 19. Nd4 Nc5 20. Qc3 Nxd3+
21. cxd3 Be5 22. f4 Bf6 23. Bf2 Qh5 24. Qc6 Re2 25. Nxe2 Qxe2 26. Qc2 Qf3 27.
Rg1 Qxd5 28. Qb3 Qxb3 29. axb3 Re8 30. Re1 Rd8 31. Kc2 Kf7 32. f5 h5 33. Re6
Rd5 34. Rxa6 Rxf5 35. Be3 Rf3 36. Bc5 Rf1 37. Ra7 Rh1 38. Rxc7+ Kg6 39. Rb7
Rxh2+ 40. Kc1 Bxb2+ 41. Kb1 Be5 42. Rxb5 Bxg3 43. Bd4 Bh4 44. Rb6+ Bf6 45. Bxf6
gxf6 46. d4 Rd2 47. Rb4 h4 48. Rc4 h3 49. Rc1 Rxd4 50. Rh1 Rd3 51. Kc2 Rg3 52.
b4 Kf5 53. b5 Ke5 54. Rd1 h2 55. b6 Rg1 56. b7 Rg8 57. Rh1 Rb8 58. Rxh2 Rxb7
59. Rf2 Rd7 60. Re2+ Kf4 61. Rf2+ Kg5 62. Rg2+ Kf5 63. Rf2+ Kg6 64. Rg2+ Kf7
65. Rf2 Rd5 66. Rg2 f5 67. Rf2 Kf6 68. Kc3 Kg5 69. Kc4 Rd8 70. Rg2+ Kf4 71.
Rf2+ Ke5 72. Rd2 Kf6 {Time forfeit} 0-1

[Event "Rated Blitz game"]
[Site "?"]
[Date "2021.10.29"]
[Round "?"]
[White "wxcvbn123"]
[Black "Benny_Watts_2005"]
[Result "1-0"]
[WhiteElo "2510"]
[BlackElo "2436"]
[PlyCount "85"]
[EventDate "2021.??.??"]
[EventType "blitz"]

1. e4 e5 2. Nf3 d5 3. exd5 e4 4. Nd4 Qxd5 5. Nb3 Nf6 6. Nc3 Qe5 7. Be2 Bd6 8.
d4 exd3 9. Qxd3 O-O 10. Qd4 Nc6 11. Qxe5 Bxe5 12. Bd2 Bf5 13. O-O-O Nb4 14. Na1
Rfe8 15. a3 Nc6 16. Bf3 Nd4 17. Bxb7 Rab8 18. Bf3 Nxf3 19. gxf3 c5 20. Nb3 c4
21. Na5 Nd7 22. Nxc4 Bf6 23. Nd6 Re5 24. Bf4 Bg6 25. Bxe5 Nxe5 26. Nde4 Nc4 27.
Nxf6+ gxf6 28. Na4 Rc8 29. Rd4 Ne5 30. Nc3 Nxf3 31. Rd7 a6 32. Rhd1 Nxh2 33.
Rd8+ Rxd8 34. Rxd8+ Kg7 35. Ne2 h5 36. c4 h4 37. c5 Nf1 38. Nf4 Bf5 39. c6 h3
40. Nxh3 Bxh3 41. c7 Nh2 42. c8=Q Bxc8 43. Rxc8 {Normal} 1-0

[Event "Rated Blitz game"]
[Site "?"]
[Date "2021.10.29"]
[Round "?"]
[White "Yvette1980"]
[Black "Annali-annaliew1979"]
[Result "1-0"]
[WhiteElo "2422"]
[BlackElo "2467"]
[PlyCount "75"]
[EventDate "2021.??.??"]
[EventType "blitz"]

1. e4 e5 2. Nf3 d5 3. d4 dxe4 4. Nxe5 Bd6 5. Nc4 Nf6 6. Nxd6+ cxd6 7. c4 h6 8.
Nc3 O-O 9. Be2 Nc6 10. Be3 Bf5 11. d5 Ne5 12. h3 Rc8 13. b3 a6 14. Qd2 Re8 15.
O-O Ng6 16. f3 exf3 17. Bxf3 Ne5 18. Bd4 Bg6 19. Rae1 Nxf3+ 20. Rxf3 Rxe1+ 21.
Qxe1 Nh5 22. g4 Nf6 23. Qh4 Nh7 24. Qxd8+ Rxd8 25. Re3 Kf8 26. Kf2 f6 27. Ne4
Bxe4 28. Rxe4 Ng5 29. Re3 Re8 30. h4 Ne4+ 31. Kf3 Nd2+ 32. Ke2 Ne4 33. Kf3 Nd2+
34. Kf4 g5+ 35. hxg5 fxg5+ 36. Kf5 Rxe3 37. Bxe3 Kf7 38. Bxd2 {Normal} 1-0

[Event "Rated Blitz game"]
[Site "?"]
[Date "2021.10.29"]
[Round "?"]
[White "NocteSidus"]
[Black "Benny_Watts_2005"]
[Result "1-0"]
[WhiteElo "2500"]
[BlackElo "2441"]
[PlyCount "43"]
[EventDate "2021.??.??"]
[EventType "blitz"]

1. e4 e5 2. Nf3 d5 3. exd5 e4 4. Nd4 Qxd5 5. Ne2 Nf6 6. Nbc3 Qe5 7. d4 exd3 8.
Qxd3 Bd6 9. Bf4 Qe7 10. Bxd6 cxd6 11. O-O-O O-O 12. Qxd6 Nc6 13. Qxe7 Nxe7 14.
g3 Be6 15. Bg2 Rab8 16. Nd4 Bg4 17. Rde1 Ng6 18. h3 Bd7 19. h4 a6 20. h5 Nf4
21. gxf4 b5 22. Nd5 {Normal} 1-0

[Event "Rated Blitz tournament 6ogxYbHq"]
[Site "?"]
[Date "2021.10.29"]
[Round "?"]
[White "AloysiusDanangDS"]
[Black "om_gendut"]
[Result "1-0"]
[WhiteElo "2276"]
[BlackElo "2452"]
[PlyCount "157"]
[EventDate "2021.??.??"]
[EventType "blitz"]

1. e4 e5 2. Nf3 d5 3. exd5 e4 4. Ne5 Qxd5 5. d4 exd3 6. Nxd3 Nf6 7. Nc3 Qe6+ 8.
Qe2 Bd6 9. Qxe6+ Bxe6 10. Be3 O-O 11. O-O-O Nc6 12. Be2 Rfd8 13. Bf3 Rab8 14.
Bg5 Be7 15. h4 Nd4 16. Ne5 h6 17. Be3 Nxf3 18. Nxf3 a6 19. Nd4 Bd7 20. Nb3 Be6
21. Nc5 Bxc5 22. Bxc5 Nd5 23. Nxd5 Rxd5 24. Rxd5 Bxd5 25. f3 Re8 26. Kd2 Bc4
27. Kc3 Bd5 28. Rd1 Bc6 29. Rd2 h5 30. b4 Bb5 31. Kb3 Bc6 32. a4 b6 33. Bf2 b5
34. a5 Re7 35. Bc5 Rd7 36. Re2 Bd5+ 37. Kc3 Be6 38. Re5 g6 39. Bd4 Rd5 40. Re1
Kf8 41. Re3 Ke8 42. g4 Kd7 43. gxh5 Rxh5 44. Bf6 Rd5 45. Rd3 Rxd3+ 46. Kxd3
Bf5+ 47. Kc3 Be6 48. Kd4 Bf5 49. c4 Kc6 50. c5 Be6 51. Ke5 Kd7 52. f4 Bf5 53.
Bg7 Be6 54. Bf8 c6 55. Bd6 Ke8 56. Kf6 Kd7 57. Kg7 Bd5 58. f5 gxf5 59. h5 f4
60. h6 Be4 61. h7 Bxh7 62. Kxh7 f3 63. Bg3 Ke6 64. Kg7 Kf5 65. Kxf7 Kg4 66. Bf2
Kh3 67. Ke6 Kg2 68. Bd4 f2 69. Bxf2 Kxf2 70. Kd6 Ke3 71. Kxc6 Kd4 72. Kb6 Kc4
73. Kxa6 Kxb4 74. c6 Ka4 75. c7 b4 76. c8=Q b3 77. Qc4+ Ka3 78. Qxb3+ Kxb3 79.
Kb5 {Time forfeit} 1-0

[Event "Rated Blitz game"]
[Site "?"]
[Date "2021.10.29"]
[Round "?"]
[White "egefb"]
[Black "rubengilmondelo64"]
[Result "1-0"]
[WhiteElo "2413"]
[BlackElo "2262"]
[PlyCount "75"]
[EventDate "2021.??.??"]
[EventType "blitz"]

1. e4 e5 2. Nf3 d5 3. exd5 e4 4. Ng1 Nf6 5. Nc3 Be7 6. Bc4 O-O 7. Nge2 Bf5 8.
O-O Nbd7 9. Ng3 Bg6 10. Qe2 Ne5 11. Bb3 Bd6 12. Ngxe4 Nxe4 13. Nxe4 Re8 14.
Nxd6 Qxd6 15. Qd1 Qf6 16. d4 Nd7 17. Be3 Be4 18. Qg4 Qd6 19. Bf4 Qe7 20. Bxc7
Nf6 21. Qf4 Bxd5 22. Be5 Nh5 23. Qg4 Bxb3 24. axb3 Nf6 25. Bxf6 Qxf6 26. Rfe1
Red8 27. c3 g6 28. Re2 Qb6 29. b4 Qb5 30. Rae1 Qd3 31. Qe4 Qc4 32. Qxb7 Kg7 33.
Qe4 a5 34. Qe5+ Kg8 35. bxa5 Qa4 36. b4 Rac8 37. Qg3 Rxc3 38. Qxc3 {Normal} 1-0

[Event "Rated Blitz game"]
[Site "?"]
[Date "2021.10.29"]
[Round "?"]
[White "Ashtangi"]
[Black "Lorian2514"]
[Result "0-1"]
[WhiteElo "2455"]
[BlackElo "2620"]
[PlyCount "186"]
[EventDate "2021.??.??"]
[EventType "blitz"]

1. e4 e5 2. Nf3 d5 3. Nxe5 Bd6 4. d4 dxe4 5. Nc4 Nf6 6. Be2 Nc6 7. c3 Bf5 8.
Bg5 h6 9. Bh4 O-O 10. Nbd2 Bf4 11. Bg3 Bxg3 12. hxg3 Re8 13. Nf1 Qd7 14. Nfe3
Be6 15. a4 Rad8 16. a5 a6 17. Qa4 Bxc4 18. Bxc4 Re7 19. O-O Ng4 20. Nxg4 Qxg4
21. Qd1 Qg5 22. Kh2 Nxa5 23. Ba2 Nc6 24. Qe2 Rd6 25. Rae1 Kh8 26. Qe3 Qh5+ 27.
Kg1 f5 28. f4 Qg6 29. Kf2 Qf6 30. Rh1 Nd8 31. Qe2 a5 32. Qc4 Qf8 33. Rh5 Ne6
34. Reh1 Kh7 35. Qa4 b6 36. Ke3 Qf6 37. Qc4 c5 38. dxc5 bxc5 39. Re1 Red7 40.
Kf2 Kg6 41. Rhh1 Rd2+ 42. Re2 Rxe2+ 43. Kxe2 Rd6 44. Rd1 Rxd1 45. Kxd1 Nf8 46.
Qxc5 Qd8+ 47. Qd4 Qe7 48. Qd5 Nh7 49. Ke2 h5 50. Qxa5 Nf6 51. Qe5 Qb7 52. c4
Qb4 53. Qc3 Qc5 54. Qe3 Qd6 55. c5 Qc6 56. b4 Qa4 57. Qb3 Qa6+ 58. b5 Qa5 59.
c6 e3 60. Kxe3 Qe1+ 61. Kd4 Qd2+ 62. Kc5 Qf2+ 63. Kd6 Qb6 64. Qf7+ Kh6 65. Qc4
Ne4+ 66. Ke5 Qc7+ 67. Kxf5 Nd6+ 68. Ke6 Nxc4 69. Bxc4 g5 70. Kd5 gxf4 71. gxf4
h4 72. Kc5 Qxf4 73. b6 Qe3+ 74. Kb5 Qg5+ 75. Ka6 Qc5 76. Bb5 Qa3+ 77. Kb7 Qb2
78. c7 Qxg2+ 79. Bc6 Qg7 80. Kb8 Qe5 81. Ka7 Qe7 82. Bb7 Qa3+ 83. Ba6 Qe7 84.
Kb8 Qd6 85. b7 h3 86. Ka7 Qxc7 87. Bf1 h2 88. Bg2 Kg5 89. Bh1 Kf4 90. Bg2 Ke5
91. Ka8 Qa5+ 92. Kb8 Kd6 93. Bc6 Kxc6 {Normal} 0-1

[Event "Rated Blitz game"]
[Site "?"]
[Date "2021.10.29"]
[Round "?"]
[White "ghadanfar"]
[Black "Benny_Watts_2005"]
[Result "1-0"]
[WhiteElo "2478"]
[BlackElo "2432"]
[PlyCount "121"]
[EventDate "2021.??.??"]
[EventType "blitz"]

1. e4 e5 2. Nf3 d5 3. exd5 e4 4. Qe2 Nf6 5. d3 Qxd5 6. Nfd2 Nc6 7. dxe4 Qc5 8.
c3 Be6 9. Qb5 O-O-O 10. Qxc5 Bxc5 11. Be2 Bg4 12. Bxg4+ Nxg4 13. O-O Nce5 14.
b4 Bxf2+ 15. Rxf2 Nxf2 16. Kxf2 Nd3+ 17. Ke3 Nxc1 18. Na3 Nxa2 19. Rxa2 Rhe8
20. g4 g6 21. g5 Re5 22. h4 Re6 23. Nac4 a6 24. Nf3 f6 25. gxf6 Rxf6 26. e5 Rf5
27. Ke4 Rdf8 28. Ncd2 Rf4+ 29. Ke3 Kd7 30. Ra1 h6 31. Rg1 g5 32. hxg5 hxg5 33.
Rxg5 R4f7 34. Rg6 Re7 35. Ne4 b6 36. Nf6+ Kc8 37. Nd5 Ref7 38. Nd4 Rf1 39. Rc6
R8f7 40. e6 Rh7 41. Nxb6+ Kb7 42. Nd5 Re1+ 43. Kd2 Re5 44. Rc5 c6 45. Nf4 Rxc5
46. bxc5 Kc7 47. Ng6 Kd8 48. e7+ Ke8 49. Nxc6 Rh6 50. Nce5 Rh2+ 51. Kd3 Rh3+
52. Kc4 Rh4+ 53. Nxh4 a5 54. c6 a4 55. c7 a3 56. c8=Q+ Kxe7 57. Nf5+ Kf6 58.
Kd5 a2 59. Qe6+ Kg5 60. Qg6+ Kf4 61. Qg4# {Normal} 1-0

[Event "Rated Blitz game"]
[Site "?"]
[Date "2021.10.29"]
[Round "?"]
[White "streamerchessLp"]
[Black "khalid_ontawar"]
[Result "1-0"]
[WhiteElo "2446"]
[BlackElo "2480"]
[PlyCount "65"]
[EventDate "2021.??.??"]
[EventType "blitz"]

1. e4 e5 2. Nf3 d5 3. exd5 e4 4. Qe2 Nf6 5. Nc3 Bf5 6. Nd4 Bd7 7. Nxe4 Nxe4 8.
Qxe4+ Be7 9. Bd3 g6 10. d6 cxd6 11. Qxb7 Nc6 12. Nxc6 Bxc6 13. Qxc6+ Kf8 14.
O-O Kg7 15. b3 Bf6 16. Ba3 Bxa1 17. Rxa1 d5 18. Bb2+ f6 19. Qc5 Re8 20. Qd4 Qe7
21. g4 h6 22. h4 g5 23. Qxd5 Rad8 24. Qf5 Qf7 25. Qh7+ Kf8 26. Qxh6+ Ke7 27.
Re1+ Kd6 28. Rxe8 Rxe8 29. Qxf6+ Qxf6 30. Bxf6 gxh4 31. g5 Ke6 32. f4 h3 33.
f5+ {Normal} 1-0

[Event "Rated Blitz game"]
[Site "?"]
[Date "2021.10.29"]
[Round "?"]
[White "BoyMagarang"]
[Black "khalid_ontawar"]
[Result "1/2-1/2"]
[WhiteElo "2445"]
[BlackElo "2481"]
[PlyCount "140"]
[EventDate "2021.??.??"]
[EventType "blitz"]

1. e4 e5 2. Nf3 d5 3. Bb5+ c6 4. Bd3 dxe4 5. Bxe4 Nf6 6. Nxe5 Nxe4 7. Qe2 Qd4
8. Nf3 Qxf2+ 9. Qxf2 Nxf2 10. Kxf2 Be6 11. Nc3 Nd7 12. d4 Bd6 13. Bg5 h6 14.
Bd2 O-O-O 15. Ne4 Bc7 16. h3 Bd5 17. Rhe1 Rde8 18. Nc3 Bxf3 19. Kxf3 f5 20.
Rxe8+ Rxe8 21. Re1 Rxe1 22. Bxe1 Nf6 23. Bg3 Bxg3 24. Kxg3 Kd7 25. Kf4 Ke6 26.
Na4 g5+ 27. Kf3 b6 28. c4 Ne4 29. g4 Nd2+ 30. Ke2 Nxc4 31. gxf5+ Kxf5 32. b3
Nd6 33. Nc3 Kf4 34. d5 c5 35. Kd3 h5 36. a4 g4 37. h4 g3 38. Ne2+ Kf3 39. Ng1+
Kf2 40. Nh3+ Kf3 41. Ng1+ Kg4 42. Ke3 Kxh4 43. Kf4 a5 44. Ke5 Nf7+ 45. Kf6 Ng5
46. Kf5 g2 47. d6 Nf7 48. d7 Nd8 49. Kf4 Nc6 50. Nf3+ Kh3 51. Ng5+ Kh2 52. Nf3+
Kh1 53. Kg5 g1=Q+ 54. Nxg1 Kxg1 55. Kxh5 Kf1 56. Kg5 Ke2 57. Kf5 Kd3 58. Ke6
Kd4 59. Kd6 Nd8 60. Kc7 Nf7 61. Kxb6 Kc3 62. Kxc5 Kxb3 63. Kb5 Nd8 64. Kxa5 Kc4
65. Kb6 Kd5 66. Kc7 Ne6+ 67. Kb7 Kd6 68. a5 Kxd7 69. a6 Nc5+ 70. Kb6 Nxa6 {
Normal} 1/2-1/2

[Event "Rated Blitz game"]
[Site "?"]
[Date "2021.10.29"]
[Round "?"]
[White "Nenidon_Andriy"]
[Black "RCompany_1"]
[Result "1-0"]
[WhiteElo "2594"]
[BlackElo "2395"]
[PlyCount "29"]
[EventDate "2021.??.??"]
[EventType "blitz"]

1. e4 e5 2. Nf3 d5 3. d4 dxe4 4. Nxe5 Bd6 5. Nc4 Be7 6. Be2 Nf6 7. O-O O-O 8.
c3 Re8 9. Bf4 Nd5 10. Bg3 f5 11. Ne3 Kh8 12. Nxd5 Qxd5 13. Bxc7 Nc6 14. Nd2 Bd7
15. Bc4 {Normal} 1-0

[Event "Rated Blitz game"]
[Site "?"]
[Date "2021.10.29"]
[Round "?"]
[White "slave-trajkoski"]
[Black "khalid_ontawar"]
[Result "1/2-1/2"]
[WhiteElo "2436"]
[BlackElo "2438"]
[PlyCount "121"]
[EventDate "2021.??.??"]
[EventType "blitz"]

1. e4 e5 2. Nf3 d5 3. d4 dxe4 4. Nxe5 Be6 5. Bc4 Bxc4 6. Nxc4 f5 7. Nc3 Nc6 8.
d5 Nce7 9. O-O Ng6 10. f3 Nf6 11. fxe4 fxe4 12. Bg5 Bc5+ 13. Kh1 O-O 14. Nxe4
Nxe4 15. Bxd8 Rxf1+ 16. Qxf1 Nf2+ 17. Qxf2 Bxf2 18. Bxc7 b5 19. Na5 Bb6 20.
Bxb6 axb6 21. Nc6 Nf8 22. b3 Nd7 23. a4 Nc5 24. a5 bxa5 25. Rxa5 Re8 26. h3
Re1+ 27. Kh2 Ne4 28. Rxb5 h5 29. h4 Nf6 30. c4 Ng4+ 31. Kg3 Re3+ 32. Kf4 Re2
33. g3 Kh7 34. Rb7 Kh6 35. Ne7 Nf2 36. Kf3 Rd2 37. Ke3 Rb2 38. Nf5+ Kg6 39.
Nxg7 Nd1+ 40. Kd4 Nf2 41. d6 Kf6 42. Nxh5+ Ke6 43. c5 Ng4 44. Nf4+ Kf5 45. c6
Ne5 46. c7 Rc2 47. Nd5 Kg4 48. Ne7 Nf3+ 49. Kd3 Rd2+ 50. Ke3 Rxd6 51. c8=Q+
Kxg3 52. Qc7 Kg2 53. Qxd6 Ne1 54. Qe5 Nc2+ 55. Ke2 Nd4+ 56. Qxd4 Kh3 57. Qf6
Kh2 58. Qf3 Kg1 59. Ra7 Kh2 60. Ra2 Kg1 61. Ke3 {Normal} 1/2-1/2

[Event "Rated Blitz game"]
[Site "?"]
[Date "2021.10.29"]
[Round "?"]
[White "letsplayludo"]
[Black "Benny_Watts_2005"]
[Result "1-0"]
[WhiteElo "2468"]
[BlackElo "2421"]
[PlyCount "135"]
[EventDate "2021.??.??"]
[EventType "blitz"]

1. e4 e5 2. Nf3 d5 3. exd5 e4 4. Ne5 Qxd5 5. d4 exd3 6. Nxd3 Nf6 7. Nc3 Qf5 8.
Be2 Bd6 9. O-O O-O 10. g3 Nc6 11. Bf3 Nd4 12. Bg2 Be6 13. b3 Rad8 14. Bb2 c6
15. Re1 Bc7 16. Ne4 Nxe4 17. Bxe4 Qf6 18. a4 a5 19. Qc1 Nf3+ 20. Bxf3 Qxf3 21.
Qe3 Qg4 22. Ne5 Bxe5 23. Qxe5 Rd5 24. Qe2 Qh3 25. Rad1 Rh5 26. f3 Bd5 27. Qg2
Qxg2+ 28. Kxg2 Rf5 29. Re3 Rd8 30. Rde1 h6 31. g4 Rg5 32. Kg3 f5 33. h4 Rg6 34.
Re8+ Rxe8 35. Rxe8+ Kf7 36. Rb8 c5 37. Rd8 Bc6 38. h5 Re6 39. Kf4 fxg4 40. fxg4
Re1 41. Bc3 Rf1+ 42. Ke5 Rf3 43. Bxa5 Re3+ 44. Kd6 Re6+ 45. Kxc5 Re5+ 46. Kb6
Re6 47. Ka7 b5 48. axb5 Bxb5 49. Bb6 Be2 50. Rd4 Re7+ 51. Kb8 Bf3 52. Rf4+ Kg8
53. Rxf3 Re2 54. c4 Rg2 55. Rf4 Rb2 56. Rf3 Rg2 57. c5 Rxg4 58. c6 Rb4 59. Kb7
Re4 60. c7 Re7 61. Kc6 Re6+ 62. Kd7 Rxb6 63. c8=Q+ Kh7 64. Qc2+ g6 65. hxg6+
Rxg6 66. Rf7+ Kh8 67. Qxg6 h5 68. Qg7# {Normal} 1-0

[Event "Rated Blitz game"]
[Site "?"]
[Date "2021.10.29"]
[Round "?"]
[White "Parkrunner2038"]
[Black "Lorian2514"]
[Result "0-1"]
[WhiteElo "2488"]
[BlackElo "2610"]
[PlyCount "74"]
[EventDate "2021.??.??"]
[EventType "blitz"]

1. e4 e5 2. Nf3 d5 3. exd5 e4 4. Qe2 Qe7 5. Nd4 Qe5 6. Nb3 Nd7 7. Nc3 Ngf6 8.
d3 exd3 9. Qxe5+ Nxe5 10. Bf4 Bd6 11. Bxe5 Bxe5 12. Bxd3 Bxc3+ 13. bxc3 Nxd5
14. c4 Nf6 15. O-O-O O-O 16. Rhe1 b6 17. c5 Be6 18. cxb6 axb6 19. Kb2 Ra4 20.
f3 Rfa8 21. Ra1 c6 22. c3 c5 23. Bc2 R4a7 24. a3 g6 25. Nd2 b5 26. Ne4 Nd7 27.
Nd6 Rb8 28. Be4 Rc7 29. Red1 b4 30. axb4 cxb4 31. Kc2 Rxc3+ 32. Kd2 Nc5 33. Ke2
f5 34. Bd5 Rd8 35. Bxe6+ Nxe6 36. Nb5 Rc2+ 37. Ke3 Re8 {Time forfeit} 0-1

[Event "Rated Blitz game"]
[Site "?"]
[Date "2021.10.29"]
[Round "?"]
[White "ray_holt"]
[Black "RCompany_1"]
[Result "1-0"]
[WhiteElo "2469"]
[BlackElo "2393"]
[PlyCount "81"]
[EventDate "2021.??.??"]
[EventType "blitz"]

1. e4 e5 2. Nf3 d5 3. exd5 e4 4. Ne5 Qxd5 5. d4 exd3 6. Nxd3 Nc6 7. Nc3 Qa5 8.
Be2 Bf5 9. O-O O-O-O 10. Be3 Nf6 11. Qc1 Nd4 12. Bxd4 Rxd4 13. a3 Bg4 14. Re1
Bd6 15. Qe3 Qh5 16. h3 Rd8 17. Bxg4+ Nxg4 18. hxg4 Qh2+ 19. Kf1 Rxg4 20. Qh3
Qxh3 21. gxh3 Rh4 22. Kg2 a6 23. Re4 Rh6 24. Rae1 Kd7 25. Rg4 g6 26. Nd5 f5 27.
Nf6+ Kc6 28. Rd4 g5 29. Nd5 b5 30. N5b4+ Kb6 31. Nd5+ Kb7 32. Ne3 Rf6 33. f3 h5
34. Nd5 Rff8 35. Nc3 h4 36. b4 a5 37. Nxb5 Bg3 38. Rxd8 Rxd8 39. Re7 axb4 40.
axb4 Kb6 41. Nc3 {Time forfeit} 1-0

[Event "Rated Blitz game"]
[Site "?"]
[Date "2021.10.29"]
[Round "?"]
[White "kahvekahve13"]
[Black "khalid_ontawar"]
[Result "1/2-1/2"]
[WhiteElo "2447"]
[BlackElo "2490"]
[PlyCount "86"]
[EventDate "2021.??.??"]
[EventType "blitz"]

1. e4 e5 2. Nf3 d5 3. exd5 e4 4. Qe2 Nf6 5. d3 Bf5 6. Nbd2 Qxd5 7. Nh4 g6 8.
Nxf5 gxf5 9. f3 Bb4 10. c3 Be7 11. fxe4 fxe4 12. Nxe4 Nxe4 13. Qxe4 Qb5 14. d4
Qb6 15. Qe5 Rg8 16. Qb5+ Nd7 17. Qxb6 axb6 18. Bf4 O-O-O 19. O-O-O Nf6 20. Rg1
Bd6 21. Bxd6 Rxd6 22. Bc4 Rg7 23. Rdf1 Kd8 24. Rf4 Ke7 25. Re1+ Kf8 26. Ref1
Ke7 27. R1f2 c6 28. h3 b5 29. Bb3 Nd5 30. Bxd5 Rxd5 31. g4 h5 32. Rf5 hxg4 33.
Rxd5 cxd5 34. hxg4 Rxg4 35. Rf5 Ke6 36. Re5+ Kd6 37. Rf5 Ke6 38. Re5+ Kd6 39.
Rf5 Ke6 40. Re5+ Kd6 41. Rf5 Ke6 42. Re5+ Kd6 43. Rf5 Ke6 {Normal} 1/2-1/2

[Event "Rated Blitz game"]
[Site "?"]
[Date "2021.10.29"]
[Round "?"]
[White "Trochanter"]
[Black "King_bg03"]
[Result "0-1"]
[WhiteElo "2464"]
[BlackElo "2559"]
[PlyCount "44"]
[EventDate "2021.??.??"]
[EventType "blitz"]

1. e4 e5 2. Nf3 d5 3. Nxe5 Bd6 4. d4 dxe4 5. Nc3 Bxe5 6. dxe5 Qxd1+ 7. Nxd1 Nc6
8. Bb5 Bd7 9. Bxc6 Bxc6 10. O-O O-O-O 11. Nc3 Ne7 12. Bg5 Rd7 13. Rfe1 h6 14.
e6 fxe6 15. Bxe7 Rxe7 16. Nxe4 Rd7 17. Nc5 Rd2 18. Rac1 Rf8 19. f3 Bd5 20. c4
Bc6 21. Nxe6 Rf7 22. Rb1 Re7 {Time forfeit} 0-1

[Event "Rated Blitz game"]
[Site "?"]
[Date "2021.10.29"]
[Round "?"]
[White "Nenidon_Andriy"]
[Black "MischieviousPawn"]
[Result "0-1"]
[WhiteElo "2601"]
[BlackElo "2547"]
[PlyCount "28"]
[EventDate "2021.??.??"]
[EventType "blitz"]

1. e4 e5 2. Nf3 d5 3. d4 dxe4 4. Nxe5 Bd6 5. Nc4 Nf6 6. Be2 Nc6 7. c3 h6 8.
Nba3 Bf5 9. Nxd6+ Qxd6 10. Nc4 Qe7 11. Bf4 Bg6 12. Ne3 Nd8 13. Qa4+ c6 14. Nc4
b5 {Time forfeit} 0-1

[Event "Rated Blitz game"]
[Site "?"]
[Date "2021.10.29"]
[Round "?"]
[White "Yvette1980"]
[Black "RCompany_1"]
[Result "1-0"]
[WhiteElo "2413"]
[BlackElo "2373"]
[PlyCount "81"]
[EventDate "2021.??.??"]
[EventType "blitz"]

1. e4 e5 2. Nf3 d5 3. Nc3 d4 4. Nb1 Bd6 5. Bc4 Nf6 6. h3 O-O 7. d3 Nc6 8. c3
Na5 9. cxd4 exd4 10. b3 c5 11. O-O Nd7 12. Bd5 Rb8 13. Na3 b5 14. Bg5 Be7 15.
Qd2 Bxg5 16. Qxg5 Qxg5 17. Nxg5 h6 18. Nf3 Nb6 19. Rac1 b4 20. Nc4 Nxd5 21.
exd5 Nb7 22. Nfe5 Bf5 23. g4 Bh7 24. Nd7 Bxd3 25. Rfd1 Be2 26. Rd2 d3 27. Nxb8
Rxb8 28. Ne5 Rd8 29. Nxd3 Bf3 30. Nxc5 Nd6 31. Re1 h5 32. Re7 hxg4 33. hxg4 a5
34. g5 Nb5 35. Rb7 Nc3 36. Ra7 g6 37. Rxa5 Kg7 38. Rd3 Bxd5 39. Nb7 Rh8 40.
Raxd5 Nxd5 41. Rxd5 {Time forfeit} 1-0

[Event "Rated Blitz tournament rXLCwdlb"]
[Site "?"]
[Date "2021.10.29"]
[Round "?"]
[White "Nurullah_kilic"]
[Black "dr_xStranger"]
[Result "0-1"]
[WhiteElo "2289"]
[BlackElo "2655"]
[PlyCount "172"]
[EventDate "2021.??.??"]
[EventType "blitz"]

1. e4 e5 2. Nf3 d5 3. Nxe5 Bd6 4. d4 dxe4 5. Bc4 Bxe5 6. Qh5 Qe7 7. Qxe5 Qxe5
8. dxe5 Ne7 9. Nc3 Bf5 10. Bf4 O-O 11. O-O-O Nbc6 12. Rhe1 Bg4 13. Rd2 Ng6 14.
Bg3 Ngxe5 15. Bxe5 Nxe5 16. Rxe4 Nxc4 17. Rxc4 Bf5 18. Rxc7 Rfe8 19. b3 b6 20.
Kb2 h6 21. f3 Bg6 22. Nd5 Kf8 23. Nb4 a5 24. Nc6 a4 25. Nd4 a3+ 26. Kc3 Rad8
27. Nb5 Re3+ 28. Rd3 Bxd3 29. cxd3 Rexd3+ 30. Kb4 R3d5 31. Nxa3 Rd2 32. Nc4
Rxg2 33. Ne5 f6 34. Ng6+ Rxg6 35. a4 Rg5 36. Ka3 Rb8 37. Rc2 Re5 38. Kb4 f5 39.
Rc4 g5 40. Rc6 h5 41. Rh6 Kg7 42. Rxh5 Kg6 43. Rh3 g4 44. fxg4 Re4+ 45. Kb5
fxg4 46. Rg3 Re5+ 47. Kb4 Kf5 48. Rg1 Kf4 49. Rf1+ Ke3 50. Re1+ Kd4 51. Rd1+
Ke3 52. Re1+ Kf4 53. Rf1+ Kg5 54. Rg1 Re4+ 55. Kb5 Rf8 56. b4 Rf5+ 57. Ka6 Re6
58. b5 Re8 59. Kb7 Ra8 60. Kxb6 Rff8 61. a5 Rf7 62. a6 Rb8+ 63. Ka5 Rc8 64. b6
Rf5+ 65. Kb4 Re8 66. b7 Rf6 67. Kc3 Rxa6 68. Kd2 Rb6 69. Rb1 Rxb7 70. Rxb7 Rd8+
71. Kc3 Rh8 72. Kb4 Rxh2 73. Rb5+ Kf4 74. Rc5 Kg3 75. Rc4 Rf2 76. Rc3+ Rf3 77.
Rc1 Kg2 78. Rg1+ Kxg1 79. Kc4 g3 80. Kd4 g2 81. Ke4 Kf2 82. Kd4 g1=Q 83. Kd5
Qe1 84. Kc4 Qe2+ 85. Kd5 Rd3+ 86. Kc5 Qc2+ {Time forfeit} 0-1

[Event "Rated Blitz game"]
[Site "?"]
[Date "2021.10.29"]
[Round "?"]
[White "Blue56"]
[Black "khalid_ontawar"]
[Result "1-0"]
[WhiteElo "2373"]
[BlackElo "2478"]
[PlyCount "121"]
[EventDate "2021.??.??"]
[EventType "blitz"]

1. e4 e5 2. Nf3 d5 3. Nxe5 Qe7 4. d4 f6 5. Qh5+ g6 6. Nxg6 Qxe4+ 7. Be2 Qxg6 8.
Qxd5 h5 9. Nc3 Bd6 10. Be3 Ne7 11. Qb3 Nbc6 12. O-O-O Bd7 13. d5 Ne5 14. Qxb7
O-O 15. f4 Ng4 16. Bd4 Bxf4+ 17. Kb1 Rfb8 18. Qa6 Nf5 19. Bd3 Qg5 20. h4 Qg7
21. Bxf5 Bxf5 22. Rhf1 Qh6 23. Ne2 Ne3 24. Bxe3 Bxe3 25. Rxf5 Rb6 26. Qc4 Rab8
27. b3 Kg7 28. Qxc7+ Kh8 29. d6 Qg6 30. Rfd5 R6b7 31. Qc4 Rb4 32. Qd3 Qxd3 33.
R1xd3 Bb6 34. Rxh5+ Kg7 35. d7 Bd8 36. g3 Re4 37. Nf4 a5 38. a4 Rxa4 39. Ne6+
Kg6 40. Rc5 Re4 41. Nxd8 Rxd8 42. Rc8 Rxd7 43. Rxd7 Re3 44. Ra7 Kf5 45. Rg8 a4
46. Rxa4 Re1+ 47. Kb2 Rh1 48. Rf4+ Ke5 49. Rg6 f5 50. Rg5 Ke6 51. Rgxf5 Rh2 52.
h5 Rh1 53. g4 Rh3 54. Rf6+ Ke5 55. h6 Kd5 56. g5 Kc5 57. Rf7 Kd5 58. h7 Ke5 59.
g6 Rxh7 60. gxh7 Ke6 61. R7f5 {Normal} 1-0

[Event "Rated Blitz game"]
[Site "?"]
[Date "2021.10.29"]
[Round "?"]
[White "Bxh6"]
[Black "MischieviousPawn"]
[Result "1-0"]
[WhiteElo "2597"]
[BlackElo "2553"]
[PlyCount "101"]
[EventDate "2021.??.??"]
[EventType "blitz"]

1. e4 e5 2. Nf3 d5 3. Nxe5 Bd6 4. d4 dxe4 5. Nc4 Nf6 6. Nc3 Nc6 7. Bg5 Bf5 8.
Ne3 Bg6 9. Ncd5 Be7 10. Nxe7 Qxe7 11. Nd5 Qd6 12. Nxf6+ gxf6 13. Be3 f5 14. g3
f4 15. Bxf4 Qxd4 16. c3 Qb6 17. Qb3 O-O-O 18. Bc4 Rhe8 19. Qxb6 axb6 20. h4 h5
21. Ke2 Ne5 22. Bxe5 Rxe5 23. Rhd1 Rf8 24. Rd5 Rxd5 25. Bxd5 c6 26. Bc4 Bf5 27.
Ke3 Rd8 28. Be2 Bg6 29. Rd1 Re8 30. b4 Kc7 31. Bc4 c5 32. Bb5 Re7 33. Rd5 cxb4
34. cxb4 Re6 35. a3 Rf6 36. Be2 Rc6 37. Kd2 Rd6 38. Rxd6 Kxd6 39. Ke3 Ke5 40.
Bc4 f6 41. Bb5 Bf7 42. Bd7 Kd6 43. Bc8 Kc7 44. Bf5 Kc6 45. Bxe4+ Kb5 46. Bxb7
Ka4 47. Kd4 Kxa3 48. Kc3 Ka4 49. Bc6+ Ka3 50. Bd7 Bd5 51. Be8 {Time forfeit}
1-0

[Event "Rated Blitz game"]
[Site "?"]
[Date "2021.10.29"]
[Round "?"]
[White "MrMosasaurus"]
[Black "Annali-annaliew1979"]
[Result "1-0"]
[WhiteElo "2471"]
[BlackElo "2476"]
[PlyCount "47"]
[EventDate "2021.??.??"]
[EventType "blitz"]

1. e4 e5 2. Nf3 d5 3. Nxe5 Qe7 4. d4 f6 5. Qh5+ g6 6. Nxg6 Qxe4+ 7. Be3 Qxg6 8.
Qxd5 Ne7 9. Qb3 Nbc6 10. Bb5 Qxg2 11. Rf1 a6 12. Bxc6+ Nxc6 13. Nc3 Bg4 14.
Qxb7 Rb8 15. Qxa6 Rb6 16. Qa8+ Rb8 17. Qa4 Rxb2 18. d5 Bd7 19. dxc6 Bxc6 20.
Qc4 Bb4 21. O-O-O Ba3 22. Qe6+ Kf8 23. Bh6+ Qg7 24. Rd8+ {Normal} 1-0